000 00302nam a22001337a 4500
008 171207b xxu||||| |||| 00| 0 eng d
020 _a9780136098690
041 _aeng
080 _27 ED
_a338
100 _a54
101 _aMEN
245 _aINTERNATIONAL MANAGEMENT
_cDERESKY,H
942 _2udc
_cBK
999 _c38813
_d38813